|
|
|
|
| LEADER |
00000nam0a2200000 4500 |
| 001 |
368812 |
| 005 |
20231102012123.0 |
| 035 |
|
|
|a (RuTPU)RU\TPU\retro\26194
|
| 090 |
|
|
|a 368812
|
| 100 |
|
|
|a 20220420d1979 km y0rusy50 ca
|
| 101 |
0 |
|
|a rus
|
| 102 |
|
|
|a RU
|
| 105 |
|
|
|a a z 001zy
|
| 200 |
1 |
|
|a Повышение надежности энергосистем
|e межвузовский сборник
|f Ивановский государственный университет ; Ивановский энергетический институт ; отв. ред. В. Б. Пучковский
|
| 210 |
|
|
|a Иваново
|c Изд-во ИГУ
|d 1979
|
| 215 |
|
|
|a 165 с.
|c ил.
|
| 320 |
|
|
|a Библиогр. в конце ст.
|
| 606 |
1 |
|
|a Энергетические системы
|x Надежность
|2 stltpush
|3 (RuTPU)RU\TPU\subj\21262
|9 46281
|
| 610 |
1 |
|
|a реактивная мощность
|
| 610 |
1 |
|
|a переходные процессы
|
| 610 |
1 |
|
|a электроприводы
|
| 610 |
1 |
|
|a токи короткого замыкания
|
| 610 |
1 |
|
|a токоограничение
|
| 610 |
1 |
|
|a токовая защита
|
| 610 |
1 |
|
|a трансформаторы тепла
|
| 610 |
1 |
|
|a изоляционные материалы
|
| 675 |
|
|
|a 621.311.019
|v 4
|
| 702 |
|
1 |
|a Пучковский
|b В. Б.
|4 340
|
| 712 |
0 |
2 |
|a Ивановский государственный университет
|2 stltpush
|3 (RuTPU)RU\TPU\col\442
|9 23435
|
| 712 |
0 |
2 |
|a Ивановский энергетический институт
|c (1930-1992)
|2 stltpush
|3 (RuTPU)RU\TPU\col\6341
|9 24234
|
| 801 |
|
1 |
|a RU
|b 63413507
|c 20220420
|
| 942 |
|
|
|c BK
|